000 00385nam a2200133Ia 4500
008 220217s9999||||xx |||||||||||||| ||und||
020 _a9788177225806
082 _a658.84 MOH
100 _aMohanty, R.P and Deshmukh, S.G
245 0 _aIndian case studies in supply chain management
260 _aBiztantra
_bNew Delhi
_c2011
300 _aVI, 122p.
_b299
650 _aMANAGEMENT
999 _c183951
_d183951